000 00664nam a2200217 i 4500
001 bg
100 1 _aGÓRSKA, Ewa
245 1 0 _aErgonomia w projektowaniu stanowisk pracy :
_bmateriały pomocnicze do ćwiczeń projektowych /
_cEwa Górska, Edwin Tytyk.
260 _aWarszawa :
_bOficyna Wydawnicza Politechniki Warszawskiej,
_c1996.
300 _a127 s. :
_brys., wykr. ;
_c24 cm.
650 9 _aErgonomia
655 _aPodręczniki akademickie
700 1 _aTYTYK, Edwin
020 _a8386569549
040 _cBPK
041 0 _apol
080 _a331.101.1(075.8)
920 _a83-86569-54-9
942 _cKS
008 s pl f |000 0 pol
999 _c46597
_d46597
856 _uhttp://koha.tu.koszalin.pl/cgi-bin/koha/opac-detail.pl?biblionumber=46597
_yKatalog online BPK